00570cam a22001577a 4500008004000000082001300040245011900053260002700172300001000199650002600209700002700235700002600262700002100288999001900309952008400328180718b1959 xxu||||| |||| 00| 0 eng d aR83 D279 aNew dimensions in collective bargainingcedited by Harold W. Davey, Howard S. Kaltenborn and Stanley H. Rutterberg aNew YorkbHarperc1959 a203p. aCollective bargaining aRutterberg, Stanley H. aKaltenborn, Howard S. aDavey, Harold W. c363594d363594 00104070aIIPAbIIPAd1994-04-04oR83 D279p16591r2018-07-21w2018-07-21yBK